Statistiques concernant Pays à majorité musulmane

Cliquez ici pour prendre le quiz!

Statistiques générales

  • Ce quiz a été pris 41 960 fois
    (16 922 depuis la dernière actualisation)
  • Le résultat moyen est 33 sur 48

Statistiques - réponses

%Pays% Correct
99Maroc
97%
99Algérie
97%
99,8Tunisie
94%
97,1Arabie Saoudite
94%
92,4Égypte
92%
99,4Iran
91%
99,2Turquie
90%
95,7Irak
90%
96,5Pakistan
86%
97Libye
85%
93Syrie
83%
76Émirats arabes unis
82%
95Mali
81%
99,1Yémen
81%
99,7Afghanistan
81%
77,5Qatar
80%
97Soudan
80%
57,7Liban
78%
85,9Oman
78%
87,2Indonésie
76%
> 99,9Mauritanie
74%
96,1Sénégal
74%
97,2Jordanie
73%
98,3Niger
73%
93,3Turkménistan
72%
96,5Ouzbékistan
71%
99,8Somalie
69%
58Tchad
68%
74,6Koweït
67%
70,2Kazakhstan
66%
≈ 50Nigeria
66%
98,0Tadjikistan
63%
96,9Azerbaïdjan
61%
73,7Bahreïn
60%
61,3Malaisie
59%
90Kirghizistan
59%
90,4Bangladesh
55%
89,1Guinée
49%
97Djibouti
49%
58,8Albanie
46%
95,7Gambie
43%
61,5Burkina Faso
43%
78,8Brunei
43%
95,6Kosovo
38%
98,3Comores
37%
50,6Bosnie-Herzégovine
37%
98,4Maldives
36%
77,5Sierra Leone
32%

Distribution des résultats

Percentile par nombre de réponses

% des personnes avec chaque résultat

Votre développement - résultats

Vous n’avez pas pris ce quiz depuis la dernière actualisation